Návrh a simulácia robotického pracoviska pre flexibilnú výrobu

Salvato in:
Dettagli Bibliografici
Autore principale: Krajčíková, Zuzana (Autore)
Altri autori: Vachálek, Ján (Relatore della tesi)
Natura: Manoscritto Libro
Lingua:slovacco
Pubblicazione: 2024
Soggetti:
Accesso online:http://is.stuba.sk/zp/portal_zp.pl?podrobnosti=179040
Tags: Aggiungi Tag
Nessun Tag, puoi essere il primo ad aggiungerne!!

MARC

LEADER 00000ntm a22000003a 4500
001 stuzp99381
003 SK-STU
005 20250304110206.9
007 ta
008 150427s2015----xo-----f-mn---000-0-slo-d
040 |a STU  |b slo 
041 0 |a slo 
100 1 |a Krajčíková, Zuzana  |u 020020  |4 aut  |U SjF Strojnícka fakulta  |T SjF Ústav automatizácie, informatizácie a merania  |X 105050  |U J0020  |Y 802  |7 105050 
242 0 1 |a Design and simulation of a robotic workstation for flexible manufacturing  |y eng 
245 1 0 |a Návrh a simulácia robotického pracoviska pre flexibilnú výrobu 
260 |c 2024 
650 4 |a simulácia robotického pracoviska  |2 slo 
650 4 |a Process Simulate  |2 slo 
650 4 |a návrh robotického pracoviska  |2 slo 
650 4 |a digitálne dvojča  |2 slo 
650 4 |a Big Data  |2 slo 
650 4 |a digitálna výroba  |2 slo 
650 4 |a flexibilná výroba  |2 slo 
650 4 |a IoT  |2 slo 
650 4 |a flexible manufacturing  |2 eng 
650 4 |a robotic workplace simulation  |2 eng 
650 4 |a Process Simulate  |2 eng 
650 4 |a robotic workplace design  |2 eng 
650 4 |a IoT  |2 eng 
650 4 |a digital twin  |2 eng 
650 4 |a digital manufacturing  |2 eng 
650 4 |a Big Data  |2 eng 
700 1 |a Vachálek, Ján  |u 020020  |k Z1  |4 ths  |U SjF Strojnícka fakulta  |T SjF Ústav automatizácie, informatizácie a merania  |X 2232  |U J0020  |Y 802  |7 A000002232 
856 4 |u http://is.stuba.sk/zp/portal_zp.pl?podrobnosti=179040 
996 |b 284J047751  |c J* 3841/DDP  |l JJSK  |s A  |a 24  |w stuzp99381_0001